[Event "25th Panevezys Open"]
[Site "Panevezys LTU"]
[Date "2012.08.13"]
[Round "1.2"]
[White "Bieliauskas,M"]
[Black "Ivanauskas,Raimundas"]
[Result "1-0"]
[WhiteElo "2148"]
[BlackElo "1676"]

1.Nf3 Nf6 2.c4 c6 3.d4 d5 4.Qb3 dxc4 5.Qxc4 Nbd7 6.Qc2 e5 7.Nc3 exd4 8.Nxd4 Ne5
9.e3 g6 10.Be2 Bg7 11.O-O O-O 12.Rd1 Qe7 13.Bd2 Rd8 14.Na4 b6 15.b4 Bb7 16.Rac1 Rac8
17.Nb3 Nd5 18.a3 Nd7 19.h3 Nb8 20.Bg4 f5 21.Bf3 Qe8 22.Nc3 Qe5 23.Nxd5 cxd5
24.Qd3 Rxc1 25.Rxc1 Ba6 26.b5 Bb7 27.Bc3 Qe7 28.Bxg7 Qxg7 29.Nd4 Qe5 30.Nb3 Kf7
31.Rc3 Nd7 32.Qc2 Nf6 33.Nd4 Rd7 34.g3 Qd6 35.Qa4 Qb8 36.Qb4 Qf8 37.Qa4 Qb8
38.Kg2 Ne4 39.Bxe4 fxe4 40.Rc1 Ba8 41.Qc2 Qd6 42.Qc3 Bb7 43.a4 Qe5 44.a5 a6
45.axb6 axb5 46.Qb4 Ba6 47.Qa5 Bb7 48.Qxb5 Qd6 49.Qa5 Qf6 50.Rc7 Qd8 51.Qc5 Rxc7
52.bxc7 Qd7 53.Nb5 Bc8 54.Nd6+ Ke6 55.Nxc8 Qxc8 56.Qc6+ Ke5 57.g4 Qf8 58.c8=Q Qf3+
59.Kg1  1-0

[Event "2nd Metropolitan International"]
[Site "Los Angeles USA"]
[Date "2012.08.16"]
[Round "4"]
[White "Yanayt,E"]
[Black "Xia,Yusheng"]
[Result "1-0"]
[WhiteElo "2266"]
[BlackElo "2086"]

1.d4 d5 2.c4 c6 3.Nf3 Nf6 4.Qc2 g6 5.Bf4 Bf5 6.Qb3 Qb6 7.e3 Qxb3 8.axb3 Bxb1
9.Rxb1 Bg7 10.Be2 O-O 11.O-O Nbd7 12.h3 Rfe8 13.Ra1 a6 14.Bh2 e6 15.Rfc1 h6
16.Rc2 Ne4 17.Rd1 Rad8 18.Ne1 Nf8 19.Nd3 Re7 20.Kf1 g5 21.f3 Nd6 22.Kf2 Ng6
23.Nc5 Ne8 24.Rcd2 f5 25.cxd5 exd5 26.g4 f4 27.e4 dxe4 28.fxe4 b6 29.Bc4+ Kh8
30.Ne6 Rdd7 31.e5 b5 32.Nxg7 Kxg7 33.Be2 Nc7 34.Bf3 Nd5 35.Rc1 Re6 36.Be4 Nge7
37.Bf5 Kf7 38.Kf3 Rd8 39.Bxe6+ Kxe6 40.Bg1 Rh8 41.Ra1 Nb4 42.h4 Ng6 43.hxg5 hxg5
44.Rh2 Rxh2 45.Bxh2 c5 46.Bg1 cxd4 47.Bxd4 Nxe5+ 48.Bxe5 Kxe5 49.Rh1 Nc6
50.Rh5 Nd4+ 51.Kf2 Ne6 52.b4 Kd5 53.Rh6 Ke5 54.Rg6 Kd5 55.Rf6 Ke5 56.Rf5+ Ke4
57.Rf7 Nd4 58.Re7+ Kd5 59.Rg7 Nc6 60.Rxg5+ Ke4 61.Rg8 Nxb4 62.Re8+ Kd4 63.Kf3  1-0

[Event "2nd Metropolitan International"]
[Site "Los Angeles USA"]
[Date "2012.08.16"]
[Round "5"]
[White "Ippolito,D"]
[Black "Beilin,Allan"]
[Result "1-0"]
[WhiteElo "2448"]
[BlackElo "1988"]

1.d4 d5 2.c4 c6 3.Nf3 Nf6 4.Qb3 dxc4 5.Qxc4 Bf5 6.g3 e6 7.Nc3 Nbd7 8.Bg2 Be7
9.O-O O-O 10.Qb3 Qb6 11.Re1 Qxb3 12.axb3 Ne4 13.Nh4 Bxh4 14.gxh4 Nxc3 15.bxc3 Bc2
16.Ra2 Bb1 17.Ra3 Bg6 18.c4 Rfd8 19.e4 a6 20.Be3 Rac8 21.Ra5 f6 22.d5 cxd5
23.exd5 exd5 24.Bxd5+ Bf7 25.Bxb7 Rb8 26.Be4 Rxb3 27.Rd1 Bxc4 28.Rc5 Rd3
29.Bxd3 Nxc5 30.Bxc4+  1-0

[Event "LBV Open A 2012"]
[Site "Roosendaal NED"]
[Date "2012.08.16"]
[Round "1.25"]
[White "Wantola,I"]
[Black "Meyer,Juergen"]
[Result "1-0"]
[WhiteElo "2330"]
[BlackElo "2023"]

1.Nf3 d5 2.d4 c6 3.c4 dxc4 4.e4 b5 5.a4 e6 6.axb5 cxb5 7.b3 Bb4+ 8.Bd2 Bxd2+
9.Nbxd2 a5 10.bxc4 b4 11.c5 Nf6 12.Bb5+ Bd7 13.Qa4 O-O 14.c6 Bc8 15.O-O Ne8
16.Rfc1 Nc7 17.Nb3 f5 18.e5 g5 19.Bc4 g4 20.Ne1 f4 21.Nxa5 Qxd4 22.Qd1 Qxe5
23.Qxg4+ Qg7 24.Qf3 Kh8 25.Nd3 Rf5 26.Nb3 Rxa1 27.Rxa1 Nd5 28.Ra8 Qc7 29.Nd4 Nb6
30.Rxb8 Ra5 31.Nb3 Nxc4 32.Nxa5 Qxb8 33.Nxc4  1-0

[Event "LBV Open A 2012"]
[Site "Roosendaal NED"]
[Date "2012.08.16"]
[Round "1.19"]
[White "Van der Stricht,G"]
[Black "Gieben,Stijn"]
[Result "1/2-1/2"]
[WhiteElo "2403"]
[BlackElo "2073"]

1.d4 d5 2.c4 c6 3.Nf3 Nf6 4.Qc2 e6 5.g3 Bd6 6.Bg2 O-O 7.O-O Nbd7 8.Nbd2 Re8
9.Rd1 Qe7 10.e4 dxe4 11.Nxe4 Nxe4 12.Qxe4 e5 13.Re1 Qf8 14.Bd2 f5 15.Qc2 e4
16.Ng5 h6 17.Nh3 Nf6 18.Bf4 g5 19.Bxd6 Qxd6 20.Rad1 f4 21.f3 Qf8 22.fxe4 Ng4
23.e5 Bf5 24.Be4 Nxe5 25.dxe5 Bxh3 26.c5 Rad8 27.Rd6 Kh8 28.Qc3 Qg7 29.Rg6 Qxe5
30.Rxh6+ Kg7 31.Rh7+ Kf6 32.Rh6+ Kg7 33.Rh7+ Kf6 34.Rh6+ Kg7 35.Rxh3 Rd4
36.gxf4 gxf4 37.Rh5 Qf6 38.Rh7+ Kf8 39.Kh1 Rexe4 40.Rxe4 Rd1+ 41.Re1 Qxc3
42.bxc3 Rxe1+ 43.Kg2 Re5 44.Rxb7 a5 45.Rd7 Rxc5 46.Rd3 Rc4 47.Kf3 Ke7 48.h4  1/2-1/2

[Event "2nd Split Open 2012"]
[Site "Split CRO"]
[Date "2012.08.16"]
[Round "6.26"]
[White "Haas,P"]
[Black "Dragomirescu,An"]
[Result "0-1"]
[WhiteElo "2095"]
[BlackElo "2242"]

1.d4 d5 2.Nf3 c6 3.c4 Nf6 4.Qc2 a6 5.g3 b5 6.b3 g6 7.Bg2 Bf5 8.Qb2 Bg7 9.O-O Nbd7
10.cxd5 cxd5 11.Nh4 Be6 12.Bf4 Rc8 13.Nd2 h6 14.Nhf3 g5 15.Be5 O-O 16.Rfc1 Qb6
17.e3 Qb7 18.h3 Rxc1+ 19.Rxc1 Rc8 20.g4 b4 21.Rc2 Nxe5 22.Nxe5 h5 23.f3 hxg4
24.hxg4 Ne8 25.Nd3 Rxc2 26.Qxc2 a5 27.Qc5 Qc7 28.Kf2 Qxc5 29.Nxc5 Bc8 30.Bf1 Nc7
31.Bd3 e6 32.Ke2 Kf8 33.Nf1 Ke7 34.Ng3 Kd6 35.Kd2 Kc6 36.Bh7 Bf8 37.Nd3 f6
38.f4 gxf4 39.exf4 Nb5 40.Ne2 Bh6 41.Kc2 Nd6 42.Nc5 Bg7 43.Bg8 e5 44.fxe5 fxe5
45.dxe5 Bxg4 46.exd6 Kxc5 47.Nf4 Bf5+ 48.Kd1 Kxd6 49.Nxd5 Bh6 50.Nb6 Kc5
51.Nc4 Kb5 52.Nd2 Bg7 53.Kc1 Be5 54.Bf7 Bf4 55.Kd1 Kc5 56.Nc4 Bc7 57.Nd2 Kd4
58.Bg8 Kc3 59.Nc4 Bb1 60.Nd2 Bxa2 61.Ne4+ Kb2 62.Nc5 Bb1 63.Na4+ Ka3 64.Nc5 Bb6
65.Nd7 Bd4 66.Kc1 Be4 67.Nb8 Be3+ 68.Kd1 Kb2 69.Ke2 Ba7  0-1

[Event "2nd Split Open 2012"]
[Site "Split CRO"]
[Date "2012.08.16"]
[Round "6.36"]
[White "Karkovic,M"]
[Black "Podoba,M"]
[Result "1-0"]
[WhiteElo "2009"]
[BlackElo "2145"]

1.d4 d5 2.Nf3 Nf6 3.c4 c6 4.g3 Bf5 5.Bg2 e6 6.O-O Nbd7 7.Nc3 h6 8.h3 Be7
9.Nd2 O-O 10.e4 dxe4 11.Ndxe4 Nxe4 12.Nxe4 Nf6 13.Nc3 Qb6 14.b3 Rad8 15.Be3 Qa5
16.Qc1 Bb4 17.Na4 Ne4 18.Bxe4 Bxe4 19.f3 Bd3 20.Rf2 Qh5 21.Kg2 b6 22.c5 b5
23.Nb2 Bg6 24.a3 Ba5 25.Bf4 Rxd4 26.b4 Bd8 27.Re2 Rd5 28.Qe1 Bf6 29.g4 Qh4
30.Bg3 Qg5 31.h4 Bxb2 32.hxg5 Bxa1 33.Qxa1 hxg5 34.Bd6 Ra8 35.a4 Bd3 36.Re5 bxa4
37.Rxd5 exd5 38.Qxa4 Bb5 39.Qa1 f6 40.Qe1 a6 41.Qe7 Kh7 42.Kf2 Kg6 43.Qe6 Kh7
44.Qf7 Rc8 45.Bf8  1-0

[Event "25th Panevezys Open"]
[Site "Panevezys LTU"]
[Date "2012.08.17"]
[Round "7.8"]
[White "Annenkov,K"]
[Black "Petrovskis,Olegs"]
[Result "1-0"]
[WhiteElo "2256"]
[BlackElo "1906"]

1.d4 d5 2.c4 c6 3.Nf3 Nf6 4.g3 Bf5 5.Bg2 e6 6.O-O Be7 7.Nc3 Nbd7 8.Nh4 Bg6
9.Nxg6 hxg6 10.Qd3 O-O 11.Rd1 dxc4 12.Qxc4 Nb6 13.Qb3 Qc7 14.e4 e5 15.dxe5 Qxe5
16.Bf4 Qe6 17.Qxe6 fxe6 18.Bh3 Kf7 19.Rd3 Rfd8 20.Rf3 Rh8 21.Kg2 g5 22.Bxg5 Rh5
23.Bxf6 gxf6 24.Bg4 Rg5 25.h3 Nc4 26.Rd1 Ne5 27.Re3 Rd8 28.Be2 Ng6 29.Kf1 Rxd1+
30.Bxd1 Ne5 31.Bb3 Bc5 32.Re2 Nf3 33.h4 Rg8 34.Bd1 Ke7 35.Rc2 Nd4 36.Rd2 e5
37.Kg2 Ne6 38.Bb3 Bd4 39.Bxe6 Kxe6 40.Kf3 b5 41.Nd1 c5 42.Ne3 c4 43.Rc2 Rc8
44.g4 a5 45.h5 Rd8 46.Nd5 Rc8 47.Ne3 Rd8 48.a4 Bxe3 49.fxe3 Rb8 50.axb5 Rxb5
51.Rxc4 Rxb2 52.Rc6+ Kf7 53.Rc7+ Ke6 54.Ra7 Ra2 55.h6 Rh2 56.g5 fxg5 57.Kg4 Rg2+
58.Kh5 g4 59.h7 g3 60.Rxa5 Rh2+ 61.Kg6 g2 62.Ra1 Rh3 63.Rg1 Rg3+ 64.Kh6 Rh3+
65.Kg7 Rg3+ 66.Kf8 Rh3 67.Rxg2  1-0

[Event "LBV Open A 2012"]
[Site "Roosendaal NED"]
[Date "2012.08.17"]
[Round "3.11"]
[White "Van der Stricht,G"]
[Black "Van Den Ouden,Lendert"]
[Result "1-0"]
[WhiteElo "2403"]
[BlackElo "2000"]

1.d4 d5 2.c4 c6 3.Nf3 Nf6 4.Qc2 g6 5.Bf4 Bf5 6.Qb3 Qb6 7.e3 Nbd7 8.Nc3 Qxb3
9.axb3 Bg7 10.h3 O-O 11.g4 Be4 12.Nxe4 Nxe4 13.Bd3 Nef6 14.Ke2 e6 15.c5 h6
16.Ra4 a6 17.b4 Nh7 18.Bd6 Rfe8 19.Ne5 Nxe5 20.dxe5 Nf8 21.h4 f5 22.h5 g5
23.f4 gxf4 24.exf4 fxg4 25.Rg1 Rad8 26.Rxg4 Rd7 27.Ra1 Kh8 28.Rag1 Rf7 29.Ke3 Rc8
30.Rf1 Re8 31.Rg3 Kg8 32.Rfg1 Kh8 33.Bg6 Nxg6 34.Rxg6 Kh7 35.f5 exf5 36.Kf4 Bh8
37.R1g2 Rg7 38.Rxg7+ Bxg7 39.Kxf5 Bh8 40.e6 Bg7 41.e7  1-0

[Event "2nd Metropolitan International"]
[Site "Los Angeles USA"]
[Date "2012.08.18"]
[Round "8"]
[White "Yanayt,E"]
[Black "Beilin,Allan"]
[Result "1/2-1/2"]
[WhiteElo "2266"]
[BlackElo "1988"]

1.d4 d5 2.c4 c6 3.Nf3 Nf6 4.Qc2 e6 5.g3 Nbd7 6.Bg2 Bd6 7.O-O O-O 8.Nbd2 Re8
9.Rd1 Qe7 10.b3 e5 11.cxd5 cxd5 12.dxe5 Nxe5 13.Nd4 Bd7 14.Nf5 Bxf5 15.Qxf5 Qe6
16.Qxe6 fxe6 17.Bb2 Nc6 18.e4 Be5 19.Bxe5 Nxe5 20.exd5 exd5 21.Nf1 Rad8 22.Rd2 Re7
23.Rad1 Red7 24.Ne3 d4 25.Nc2 d3 26.Ne1 g5 27.f4 gxf4 28.gxf4 Ng6 29.Rxd3 Nxf4
30.Rxd7 Rxd7 31.Rxd7 Nxd7 32.Bxb7 Nc5 33.Bf3 a5 34.Kf2 a4 35.bxa4 Nxa4 36.Ke3 Ne6
37.Bd5 Kf7 38.Nf3 Ke7 39.Bxe6 Kxe6 40.Ng5+ Kf5 41.Nxh7 Nb6 42.h4 Kg4 43.Kd4 Kxh4
44.Nf6 Kg5 45.Nd5 Na4 46.Kc4 Kf5 47.Kb4 Nb2 48.Kb3 Nd3 49.Kc4 Nb2+ 50.Kc5 Ke6
51.Nc3 Kd7 52.Ne4 Kc7 53.Kb5 Nd3 54.a3 Ne5 55.Nc5 Nc6 56.Ne6+ Kb7 57.Kc5 Nb8
58.Nd4 Nd7+ 59.Kb5 Nb6 60.Nb3 Ka7 61.Nc5 Nd5 62.Ne4 Nb6 63.Nc5  1/2-1/2

[Event "EY Girls U18 2012"]
[Site "Prague CZE"]
[Date "2012.08.19"]
[Round "3.20"]
[White "Nonkovic,B"]
[Black "Yaka,B"]
[Result "1-0"]
[WhiteElo "1950"]
[BlackElo "1584"]

1.Nf3 Nf6 2.c4 c6 3.d4 d5 4.Qb3 g6 5.Nc3 Bg7 6.g3 O-O 7.Bg2 Na6 8.O-O dxc4
9.Qxc4 Be6 10.Qa4 Nc7 11.e4 Qc8 12.Rd1 Rd8 13.Bf4 Nh5 14.Be3 Bd7 15.Rac1 Nf6
16.Qa3 Bh3 17.Bh1 Ng4 18.Bd2 Nf6 19.d5 cxd5 20.e5 Nh5 21.Qxe7 Bf8 22.Qh4 Qd7
23.Bg5 Re8 24.Ne4 Be6 25.Ne1 Rec8 26.Bf3 Ne8 27.g4 Nhg7 28.Nc3 Nc7 29.Bf6 Nge8
30.Bg5 Bg7 31.Nd3 d4 32.Nc5  1-0

[Event "21st Feffernitz Open"]
[Site "Feffernitz AUT"]
[Date "2012.08.20"]
[Round "3.1"]
[White "Malakhatko,V"]
[Black "Arztmann,W"]
[Result "1-0"]
[WhiteElo "2528"]
[BlackElo "2154"]

1.d4 d5 2.c4 c6 3.Nf3 Nf6 4.Qb3 dxc4 5.Qxc4 Bf5 6.g3 Nbd7 7.Bg2 e6 8.O-O Be7
9.e3 O-O 10.Qe2 Qc7 11.Nc3 e5 12.dxe5 Nxe5 13.Nxe5 Qxe5 14.e4 Bg4 15.f3 Be6
16.Kh1 Qh5 17.Be3 Rfd8 18.Qf2 b6 19.Ne2 Bc4 20.g4 Qe5 21.Rfc1 Qxb2 22.Nd4 Qxf2
23.Bxf2 b5 24.Nxc6 Ba3 25.Nxd8 Bxc1 26.Nc6 Ba3 27.Bxa7 Rc8 28.Na5 Rc7 29.Bb6 Rd7
30.Bf1 Bxf1 31.Rxf1 Rd2 32.Rf2 Rd1+ 33.Kg2 Nd7 34.Be3 Re1 35.Bd4 Rd1 36.Nb3 h6
37.Rf1 Rxf1 38.Kxf1 Nf8 39.h4 Ne6 40.Be3 Bd6 41.h5 Kf8 42.Ke2 Ke7 43.Nd4 Nxd4+
44.Bxd4 f6 45.Kd3 Ke6 46.f4 Bb8 47.Bc5 Bc7 48.f5+  1-0

[Event "14th Sants Open A"]
[Site "Barcelona ESP"]
[Date "2012.08.21"]
[Round "5.12"]
[White "Hernandez Carmenates,Hold"]
[Black "Ladron de Guevara Pinto,P"]
[Result "0-1"]
[WhiteElo "2566"]
[BlackElo "2370"]

1.d4 d5 2.c4 c6 3.Nf3 Nf6 4.Qb3 dxc4 5.Qxc4 Bg4 6.Nc3 Nbd7 7.e4 Bxf3 8.gxf3 e5
9.Be3 exd4 10.Qxd4 Bc5 11.Qd2 O-O 12.O-O-O Qe7 13.Rg1 Kh8 14.f4 Bb4 15.a3 Nc5
16.Bxc5 Bxc5 17.e5 Nd5 18.Ne4 f6 19.Bc4 fxe5 20.Bxd5 cxd5 21.Qxd5 Rac8 22.Kb1 exf4
23.Rge1 Rcd8 24.Qc4 Rxd1+ 25.Rxd1 Bb6 26.f3 h6 27.Rd6 Qf7 28.Qb5 Qf5 29.Rd5 Qh3
30.Rd7 Qxf3 31.Qe5 Qg4 32.Rd6 Kg8 33.Qd5+ Kh7 34.Qd3 Kh8 35.Qc3 Qh5 36.Qb4 Qf5
37.Rd5 Qf7 38.Rd7 Qf5 39.Qe7 Rg8 40.Ka2 f3 41.Ng3 Qf8 42.Qe6 f2 43.Rf7 Qe8
44.Qf5 Qc6 45.Ka1 Bd4 46.Qf4 Qb6 47.Qd2 Re8  0-1

[Event "14th Sants Open A"]
[Site "Barcelona ESP"]
[Date "2012.08.22"]
[Round "6.11"]
[White "Stokke,K"]
[Black "Escobar Forero,A"]
[Result "1/2-1/2"]
[WhiteElo "2390"]
[BlackElo "2493"]

1.d4 d5 2.c4 c6 3.Nf3 Nf6 4.Qc2 g6 5.Bf4 Bg7 6.e3 O-O 7.Nc3 Na6 8.a3 c5 9.Be5 Bg4
10.Qb3 cxd4 11.Bxd4 Bxf3 12.gxf3 dxc4 13.Qxb7 Qd6 14.Qb5 Rfc8 15.Bxc4 Nc5
16.Rd1 Bf8 17.Bxc5 Qxc5 18.Qxc5 Rxc5 19.b3 e6 20.Ke2 Rac8 21.Ne4 Nxe4 22.fxe4 Be7
23.f4 a5 24.a4 Kf8 25.e5 Rd8 26.Kf3 Rcc8 27.e4 Rxd1 28.Rxd1 Rd8 29.Rf1 Bb4
30.f5 Bc3 31.fxe6 fxe6 32.Ke3+ Kg7 33.Bxe6 Bd4+ 34.Ke2 Rf8 35.Rxf8 Kxf8 36.b4 axb4
37.a5 Bxe5 38.a6 Bb8 39.e5 Ke7 40.Bd5 Kd7 41.Kd3 Kc7 42.Kd4 Kb6 43.e6 Bd6
44.Be4 Kxa6 45.Kd5 Bf8 46.Kc6 b3 47.Bb1 h5 48.Bxg6 h4 49.h3 b2 50.Bb1 Ka5
51.Kd7 Kb6 52.e7 Bxe7 53.Kxe7 Kc6 54.Kf6 Kd7 55.Bg6 Kd8 56.Kg5  1/2-1/2

[Event "32nd Bratto Masters"]
[Site "Bratto ITA"]
[Date "2012.08.22"]
[Round "5.9"]
[White "Mirzoev,A"]
[Black "Brun,D"]
[Result "1-0"]
[WhiteElo "2545"]
[BlackElo "2262"]

1.d4 d5 2.Nf3 Nf6 3.c4 c6 4.Qc2 dxc4 5.Qxc4 Bf5 6.g3 e6 7.Bg2 Be7 8.O-O Nbd7
9.Nc3 O-O 10.Qb3 Qb6 11.Nd2 Rac8 12.Nc4 Qa6 13.Bf4 Bc2 14.Qxc2 Qxc4 15.Rfd1 Nd5
16.Bc1 Bb4 17.Qd3 N7b6 18.Ne4 Rfd8 19.a3 Be7 20.b3 Qxd3 21.Rxd3 Nf6 22.Bb2 Nxe4
23.Bxe4 Nd5 24.Rc1 h6 25.b4 b6 26.Rb3 Rd7 27.Bd3 b5 28.Bxb5  1-0

[Event "32nd Bratto Masters"]
[Site "Bratto ITA"]
[Date "2012.08.22"]
[Round "5.1"]
[White "Panchanathan,M"]
[Black "Neelotpal,D"]
[Result "0-1"]
[WhiteElo "2564"]
[BlackElo "2469"]

1.Nf3 d5 2.d4 Nf6 3.c4 c6 4.Qc2 g6 5.Bf4 dxc4 6.Qxc4 Bg7 7.g3 Qb6 8.Qb3 Be6
9.Qxb6 axb6 10.Bg2 O-O 11.a3 h6 12.Nc3 b5 13.O-O Nbd7 14.Rfd1 Nb6 15.Ne5 g5
16.Bd2 Rfd8 17.Be1 Bb3 18.Rd3 Bc2 19.Rd2 Bh7 20.Rad1 Ne8 21.e3 Nd6 22.Nd3 e6
23.Nc5 Nd5 24.N3e4 Nc4 25.Rc2 Ncxe3 26.fxe3 Nxe3 27.Rdd2 Nxc2 28.Rxc2 Rxd4
29.Re2 Rd1 30.Kf1 b6 31.Nb3 Rad8 32.Kf2 c5 33.Nc3 R1d3 34.Nc1 b4 35.axb4 cxb4
36.N3a2 Bd4+ 37.Kf1 Rd1 38.Bf3 b3 39.Nxb3 Bd3 40.Nxd4 Rxd4 41.Kf2 Bxe2 42.Kxe2 Rb1
43.Bc3 Ra4 44.Nb4 Rxb4 45.Bxb4 Rxb2+ 46.Bd2 f5 47.Kd3 b5 48.Bd1 Kf7 49.h4 Kg6
50.h5+ Kf7 51.g4 Rxd2+ 52.Kxd2 Kf6 53.Ke3 Ke5 54.Bb3 fxg4 55.Ba2 Kd6 56.Bb3 b4
57.Bd1 g3 58.Kf3 e5 59.Kxg3 e4 60.Kf2 Kd5 61.Ke3 Kc4 62.Bc2 Kc3 63.Bxe4 b3
64.Bf5 Kb2 65.Kd4 Kc1 66.Ke5 b2 67.Kf6 g4  0-1

[Event "EY Boys U18 2012"]
[Site "Prague CZE"]
[Date "2012.08.22"]
[Round "6.33"]
[White "Balacek,T"]
[Black "Foster,JM"]
[Result "1-0"]
[WhiteElo "2178"]
[BlackElo "2037"]

1.d4 d5 2.c4 c6 3.Nf3 dxc4 4.g3 Nf6 5.Bg2 b5 6.O-O Bb7 7.a4 e6 8.Ne5 Qb6
9.e4 a6 10.Be3 Nbd7 11.Nc3 Rd8 12.Qe2 c5 13.a5 Qa7 14.Nxd7 Rxd7 15.d5 e5
16.f4 Bd6 17.fxe5 Bxe5 18.Rf5 Bd4 19.Rd1 Ng4 20.Bxd4 cxd4 21.Nxb5 axb5 22.Qxg4 O-O
23.Rg5 f5 24.Rxf5 Rxf5 25.Qxf5 Rf7 26.Qe6 d3+ 27.Kh1 Qe3 28.Rf1 Bxd5 29.Qe8+  1-0

[Event "14th Sants Open A"]
[Site "Barcelona ESP"]
[Date "2012.08.23"]
[Round "7.21"]
[White "Hernandez Carmenates,Hold"]
[Black "Alvarez Fernandez,E"]
[Result "1/2-1/2"]
[WhiteElo "2566"]
[BlackElo "2369"]

1.d4 d5 2.c4 c6 3.Nf3 Nf6 4.Qb3 Qb6 5.Nc3 Na6 6.c5 Qxb3 7.axb3 h6 8.Bf4 Nh5
9.e3 Nxf4 10.exf4 Nc7 11.Kd2 Bf5 12.Bd3 Bxd3 13.Kxd3 g6 14.b4 f6 15.Rae1 Kf7
16.g4 h5 17.Rhg1 hxg4 18.Rxg4 Rh3 19.Rg3 Rh6 20.Nd1 a5 21.bxa5 Rxa5 22.Nc3 Ne6
23.Ke3 Ng7 24.Ke2 Nf5 25.Rgg1 Rh8 26.Ra1 Rxa1 27.Rxa1 Bh6 28.Ra7 Rb8 29.b4 Bxf4
30.b5 g5 31.h3 Kg6 32.Kf1 e5 33.bxc6 bxc6 34.dxe5 fxe5 35.Rc7 Rb3 36.Rxc6+ Kh5
37.Nxd5 Rxf3 38.Rf6 Nd4 39.c6 Nxc6 40.Rxc6 Rxh3 41.Kg2 Ra3 42.Nf6+ Kg6 43.Ne4+ Kf7
44.Rf6+ Kg7 45.Re6 Ra4 46.Nf6 Kf7 47.Rb6 Bd2 48.Rd6 Bc3 49.f3 Rd4 50.Rc6 Bd2
51.Ne4 g4 52.Nd6+ Kf8  1/2-1/2

[Event "ZMDI Open A 2012"]
[Site "Dresden GER"]
[Date "2012.08.23"]
[Round "6"]
[White "Vogel,Roven"]
[Black "Mertens,P"]
[Result "1-0"]
[WhiteElo "1958"]
[BlackElo "2030"]

1.d4 d5 2.c4 c6 3.Nf3 Nf6 4.Nbd2 Bf5 5.Nh4 Bg4 6.h3 Bh5 7.g4 Bg6 8.Nxg6 hxg6
9.Bg2 e6 10.Qc2 Nbd7 11.b3 Bd6 12.Bb2 Qe7 13.O-O-O O-O-O 14.e3 Kb8 15.c5 Bc7
16.Rhe1 Nh7 17.e4 dxe4 18.Nxe4 Ng5 19.Nxg5 Qxg5+ 20.Kb1 Bf4 21.b4 Nf6 22.Rd3 Nd5
23.Rb3 a6 24.a4 Kc7 25.Re2 Rhe8 26.Qc4 e5 27.b5 axb5 28.axb5 exd4 29.bxc6 bxc6
30.Rxe8 Rxe8 31.Qa6 Kd7 32.h4 Qf6 33.g5 Qf5+ 34.Ka2 Qc2 35.Bxd5 cxd5 36.Rb7+  1-0

[Event "EY Boys U16 2012"]
[Site "Prague CZE"]
[Date "2012.08.23"]
[Round "7.14"]
[White "Kobo,Ori"]
[Black "Iovcov,V"]
[Result "1/2-1/2"]
[WhiteElo "2249"]
[BlackElo "2191"]

1.d4 d5 2.c4 c6 3.Nf3 Nf6 4.Qb3 dxc4 5.Qxc4 Bf5 6.g3 e6 7.Bg2 Be7 8.O-O Nbd7
9.e3 O-O 10.Rd1 Qc7 11.Nc3 e5 12.h3 Rad8 13.Qe2 h6 14.e4 Bh7 15.dxe5 Nxe5
16.Bf4 Nfd7 17.Rdc1 Nxf3+ 18.Bxf3 Qa5 19.Bg2 Nc5 20.Be3 Ne6 21.f4 Bc5 22.f5 Qb6
23.Re1 Bxe3+ 24.Qxe3 Nc5 25.Rad1 Nd3 26.Qxb6 axb6 27.Re2 Ne5 28.Red2 Rxd2
29.Rxd2 Ra8 30.a4 f6 31.b4 Kf8 32.b5 Bg8 33.bxc6 bxc6 34.Rb2 b5 35.axb5 Ra1+
36.Kh2 cxb5 37.Nxb5 Bc4 38.Nc7 Ra2 39.Rxa2 Bxa2 40.Nb5 Bc4 41.Nd4 Ke7 42.g4 Kd6
43.Kg3 Kc5 44.Nc2 Bb3 45.Ne3 Kd4 46.Nf1 Bc4 47.Nh2 Ke3 48.Bf1 Kxe4 49.Bxc4 Nxc4
50.Nf3 h5 51.Nh2 hxg4 52.hxg4 Nd2 53.g5 Kxf5 54.gxf6 gxf6 55.Ng4  1/2-1/2

[Event "EY Girls U18 2012"]
[Site "Prague CZE"]
[Date "2012.08.23"]
[Round "7.1"]
[White "Goryachkina,A"]
[Black "Khlichkova,T"]
[Result "1-0"]
[WhiteElo "2361"]
[BlackElo "2123"]

1.Nf3 d5 2.d4 c6 3.c4 dxc4 4.a4 e6 5.e3 b5 6.axb5 cxb5 7.b3 Bb4+ 8.Bd2 Bxd2+
9.Nbxd2 a5 10.bxc4 b4 11.Bd3 Nf6 12.O-O O-O 13.Qc2 Bb7 14.e4 e5 15.d5 Re8
16.c5 Ba6 17.Bxa6 Nxa6 18.c6 Qc7 19.Nb3 Nb8 20.Ra4 Rd8 21.Rfa1 Nxd5 22.exd5 Rxd5
23.Rxb4 Nxc6 24.Rc4 Rc8 25.h3 e4 26.Nfd4 Qe5 27.Nxc6  1-0

[Event "EY Girls U18 2012"]
[Site "Prague CZE"]
[Date "2012.08.23"]
[Round "7.19"]
[White "Nonkovic,B"]
[Black "Roy,Ali"]
[Result "1-0"]
[WhiteElo "1950"]
[BlackElo "1836"]

1.d4 d5 2.c4 c6 3.Nf3 Nf6 4.Qc2 e6 5.g3 Nbd7 6.Bg2 Be7 7.O-O O-O 8.Rd1 b6
9.b3 Bb7 10.Nc3 Rc8 11.e4 dxe4 12.Nxe4 c5 13.Nfg5 Nxe4 14.Nxe4 cxd4 15.Rxd4 Qc7
16.Bb2 b5 17.Qd1 Rfd8 18.Nd6 Bxd6 19.Bxb7 Be5 20.Bxc8 Bxd4 21.Qxd4 e5 22.Qd5 Nc5
23.Qxe5 Qxe5 24.Bxe5 Rxc8 25.cxb5 Nd7 26.Bd4 Nb6 27.Bxb6 axb6 28.a4 Kf8 29.Re1 Rc3
30.Re3 Rc2 31.Kg2 g5 32.Kf3 Kg7 33.Rd3 h5 34.Rd6 Rc3+ 35.Ke2 Rxb3 36.Rxb6 Rb2+
37.Kf1 h4 38.a5 h3 39.a6 Ra2 40.Rb7  1-0

[Event "EY Boys U14 2012"]
[Site "Prague CZE"]
[Date "2012.08.24"]
[Round "8.3"]
[White "Minko,V"]
[Black "Ali Marandi,C"]
[Result "1-0"]
[WhiteElo "2257"]
[BlackElo "2362"]

1.d4 d5 2.c4 c6 3.Nf3 Nf6 4.Qb3 e6 5.Bg5 Be7 6.Nc3 O-O 7.e3 Nbd7 8.Bd3 b6
9.cxd5 exd5 10.O-O Bb7 11.Qc2 h6 12.Bh4 c5 13.Rad1 c4 14.Bf5 g6 15.Bxd7 Nxd7
16.Bg3 Nf6 17.Ne5 Kg7 18.f4 Bc8 19.Bh4 Bf5 20.Qe2 Rc8 21.g4 Bd3 22.Bxf6+ Bxf6
23.Nxd3 cxd3 24.Rxd3 Qd7 25.Qg2 Rcd8 26.Qg3 Qe7 27.Kg2 Rfe8 28.Qf3 Qd7 29.Rc1 Re7
30.Qg3 Kg8 31.h4 Rde8 32.g5 Bg7 33.Qf3 Re4 34.Qg3 R4e7 35.Nd1 Qb5 36.Rd2 Qa5
37.Rd3 Qb5 38.Rcc3 h5 39.Qf3 Re4 40.Rd2 Qd7 41.Qh3 Qe7 42.Rc8 Kh7 43.Rxe8 Qxe8
44.Kf2 Qc6 45.Nc3 Re8 46.Qf3 Rd8 47.Kg2 Qe6 48.Qh3 Qe8 49.f5 f6 50.Rf2 fxg5
51.hxg5 gxf5 52.Qxf5+ Kh8 53.Nxd5 Qc6 54.e4 Bxd4 55.g6 Qd7 56.Qxh5+ Kg8 57.Rf7  1-0

[Event "EY Girls U18 2012"]
[Site "Prague CZE"]
[Date "2012.08.24"]
[Round "8.15"]
[White "Perera Borrego,M"]
[Black "Balzano,F"]
[Result "1-0"]
[WhiteElo "2066"]
[BlackElo "1916"]

1.d4 d5 2.Nf3 Nf6 3.c4 c6 4.Qc2 e6 5.Nbd2 dxc4 6.Nxc4 c5 7.dxc5 Bxc5 8.e3 Nbd7
9.Be2 O-O 10.O-O b5 11.Nce5 Qb6 12.Nxd7 Nxd7 13.Ng5 Nf6 14.Bf3 Rb8 15.b3 h6
16.Ne4 Be7 17.Bb2 Nxe4 18.Bxe4 Bb7 19.Bd4 Bxe4 20.Qxe4 Qb7 21.Qg4 g6 22.h4 Kh7
23.Rac1 Ba3 24.Rcd1 Rbc8 25.Qf4 Qe7 26.Qe5 Rg8 27.Qxb5 Qxh4 28.Bxa7 Rgd8
29.Qb7 Qe7 30.Qxe7 Bxe7 31.Bb6 Rxd1 32.Rxd1 Bf6 33.Rd2 Rc1+ 34.Kh2 Bc3 35.Re2 Rb1
36.Rc2 Be5+ 37.g3 Bd6 38.Kg2 h5 39.Rd2 Bb4 40.Rd7 Rb2 41.Rxf7+ Kg8 42.Rg7+ Kf8
43.Rxg6 Rxa2 44.Rxe6 Rb2 45.Re4 Be1 46.Kf1 Bc3 47.b4  1-0

[Event "EY Boys U18 2012"]
[Site "Prague CZE"]
[Date "2012.08.24"]
[Round "8.36"]
[White "Bizovi,M"]
[Black "Ronka,E"]
[Result "1-0"]
[WhiteElo "2044"]
[BlackElo "2086"]

1.d4 d5 2.c4 dxc4 3.Nf3 c6 4.e3 Be6 5.Nbd2 b5 6.a4 Nd7 7.g3 Ngf6 8.Bg2 h6
9.O-O g6 10.axb5 cxb5 11.Ne5 Bd5 12.Bxd5 Nxd5 13.Qf3 Nxe5 14.dxe5 Bg7 15.Rd1 Nb4
16.Nxc4 Qb8 17.Nb6 O-O 18.Nxa8 Qxa8 19.Qxa8 Rxa8 20.Ra5 a6 21.f4 e6 22.Bd2 Nc6
23.Raa1 Bf8  1-0

[Event "19th Graz Open 2012"]
[Site "Graz AUT"]
[Date "2012.08.26"]
[Round "2.4"]
[White "Zorko,Ju"]
[Black "Jicman,L"]
[Result "1-0"]
[WhiteElo "2476"]
[BlackElo "2199"]

1.d4 d5 2.c4 c6 3.Nf3 Nf6 4.Qc2 g6 5.Bf4 Bg7 6.e3 O-O 7.Be2 Qa5+ 8.Nc3 Bg4
9.Qb3 b6 10.O-O Nbd7 11.h3 Be6 12.Ng5 dxc4 13.Qc2 b5 14.a4 Qb6 15.axb5 cxb5
16.Bf3 Rac8 17.d5 Bf5 18.e4 h6 19.exf5 hxg5 20.Be3 Qb8 21.fxg6 Ne5 22.gxf7+ Rxf7
23.Be2 g4 24.Bxa7 Qd6 25.Qf5 Rcf8 26.Qe6 b4 27.Qxd6 exd6 28.Nb5 Rd7 29.hxg4 Nxd5
30.g3 Nf6 31.Bd4 Rc8 32.Bxe5 dxe5 33.g5 Ne4 34.Bg4 Rdd8 35.Bxc8 Rxc8 36.Ra7 Nxg5
37.Rc7 Rb8 38.Nd6 c3 39.bxc3 b3 40.Rb1 e4 41.Rb2 Bf8 42.Rc8 Rb6 43.Nc4 Nf3+
44.Kf1 Rb7 45.Ke2 Kf7 46.Na5 Rb5 47.Nxb3 Rd5 48.Nd2 Ng5 49.Rb7+ Be7 50.Nc4 Ne6
51.Rh8 Ng5 52.Rc8 Ne6 53.Rc6 Nd8 54.Rd6 Rd3 55.Ne5+ Ke8 56.Rxe7+ Kxe7 57.Rxd8  1-0

[Event "24th Schlosspark Open"]
[Site "Wiesbaden GER"]
[Date "2012.08.26"]
[Round "6.26"]
[White "Wuest,K"]
[Black "Minz,M"]
[Result "1/2-1/2"]
[WhiteElo "2005"]
[BlackElo "2096"]

1.d4 d5 2.c4 c6 3.Nf3 Nf6 4.Qc2 g6 5.e3 Bf5 6.Bd3 Bxd3 7.Qxd3 e6 8.b3 Nbd7
9.O-O Bd6 10.Bb2 Qe7 11.Nbd2 Ba3 12.Bc3 Bb4 13.Bb2 Ba3 14.Bc3 Bb4  1/2-1/2

[Event "37th Trade Fair Open A"]
[Site "Brno CZE"]
[Date "2012.08.28"]
[Round "4"]
[White "Ganaus,H"]
[Black "Zavacky,P"]
[Result "1-0"]
[WhiteElo "2318"]
[BlackElo "2104"]

1.d4 d5 2.Nf3 c6 3.c4 Nf6 4.Nbd2 e6 5.e3 Nbd7 6.Bd3 Bd6 7.O-O O-O 8.e4 dxe4
9.Nxe4 Nxe4 10.Bxe4 Nf6 11.Bc2 Qc7 12.Bg5 Be7 13.Qd3 g6 14.Rad1 Rd8 15.Qe3 Ng4
16.Qc1 b5 17.h3 Nf6 18.Ne5 Rxd4 19.Rxd4 Qxe5 20.Qe3 Qc7 21.Qf3 e5 22.Rh4 Kg7
23.cxb5 Bb7 24.bxc6 Bxc6 25.Bxf6+ Bxf6 26.Rc4 Rc8 27.Be4 Bxe4 28.Rxc7 Bxf3
29.Rxc8 Bd5 30.b3 Bg5 31.Rd1 Be6 32.Ra8 e4 33.Rxa7 e3 34.Re1 exf2+ 35.Kxf2 Kf6
36.Ra6 h5 37.Rexe6+ fxe6 38.Kf3  1-0